000 00660nam a2200229 i 4500
001 81742
003 ES-MaACL
005 20251110063222.0
007 t|
008 041105s1907 fr ||||1| fre d
100 1 _aHymans, Henri,
_d1836-1912
_964882
245 1 0 _aBruges et Ypres /
_cHenri Hymans.
250 _a3ème ed.
260 _a[S.l. :
_bs.n.,
_c1907] (
_eEvreux :
_fCh. Herissey)
300 _aVIII, 124 p. :
_bil. ;
_c26 cm.
490 1 _aLes villes d'art celebres
651 4 _aBrujas.
_9155543
651 4 _aYpres.
_9155544
830 0 _aLes villes d'art celebres
_9181445
852 _aES-MaACL
_jF-2097
999 _c81742
_d81742